• 首页
  • 本馆介绍
  • 公告通知
  • 最新文献
  • 馆藏检索
  • 电子资源
  • 读者导购
  • 参考咨询
  • 我的图书馆
  • 登录
  • 详细信息显示
  • 放入我的书架
  • 预约/预借图书
  • 作者相关作品
  • 分类相关作品
  • 丛书相关作品
  • 出版社相关作品

书目信息

  • 表格格式
  • 工作单格式
  • 卡片格式
题名:
现代科技与社会专题讲座
    
 
作者: ;中央党校自然辩证法预先带科技教研室
分册:  
出版信息: 北京   中共中央党校出版社  1993
页数: 325
开本: 20cm
丛书名:
单 册:
中图分类: N05
科图分类:
主题词: 自然科学--关系
电子资源:
ISBN: 7-5035-0705-5
000 00706nam0 2200181 450
001 0760515518
005 20070817164835.51
010    @a7-5035-0705-5@d¥6.40
100    @a20070817d km y0chiy0120 ea
101 0  @achi
200 1  @a现代科技与社会专题讲座@Axian dai ke ji yu she hui zhuan ti jiang zuo@f中央党校自然辩证法预先带科技教研室@Fzhong yang dang xiao zi ran bian zheng fa yu xian dai ke ji jiao yan shi
210    @a北京@c中共中央党校出版社@d1993
215    @a325@d20cm
606 0  @a自然科学@x关系
690    @aN05@v3
711 02 @a中央党校自然辩证法预先带科技教研室@Azhong yang dang xiao zi ran bian zheng fa yu xian dai ke ji jiao yan shi
801  0 @aCN@bPFT@c20070817
905    @a213230@dN05@eg6@f1
    
    现代科技与社会专题讲座/中央党校自然辩证法预先带科技教研室.-北京:中共中央党校出版社,1993
    325;20cm
    
    
    ISBN 7-5035-0705-5:¥6.40
    
●
相关链接 在E读中查询图书 在五车中查询图书 在当当中查询图书 在豆瓣中查询图书


正题名:现代科技与社会专题讲座     索取号:N05/g6         预约/预借

序号 登录号 条形码 馆藏地/架位号 状态 备注
1 6501349   265013497   密集书库-海洋学院/ [索取号:N05/g6] 在馆    
唐山师范学院图书馆 欢迎您!
大连网信软件有限公司© 版权所有